Trump Approved States - Statistics

General Stats
  • This quiz has been taken 7 times
  • The average score is 6 of 6
Answer Stats
Approval rating State % Correct
+18% Idaho
100%
+5% North Dakota
100%
+1% Oklahoma
100%
+1% Tennessee
100%
+15% West Virginia
100%
+22% Wyoming
100%
No matching quizzes found
Score Distribution
Percent of People with Each Score
Percentile by Number Answered
Your Score History
You have not taken this quiz